000 00423nam a2200169Ia 4500
008 100315s9999 xx 000 0 und d
040 _cENGLISH 
082 _b3919 
100 _a"Grewal, T S "
245 _aIntroduction To Accounting
260 _c2001 
365 _eRupees 
_d
_b140.00 
366 _f
630 _aIntroduction To Accounting
730 _aIntroduction To Accounting
942 _cBOOK
999 _c478654
_d478651